| 000 -LEADER |
| fixed length control field |
00727cam a2200253 a 4500 |
| 001 - CONTROL NUMBER |
| control field |
4872259 |
| 005 - DATE AND TIME OF LATEST TRANSACTION |
| control field |
20180221042129.0 |
| 008 - FIXED-LENGTH DATA ELEMENTS--GENERAL INFORMATION |
| fixed length control field |
940309s1993 txu b 001 0 eng d |
| 010 ## - LIBRARY OF CONGRESS CONTROL NUMBER |
| LC control number |
92073482 |
| 020 ## - INTERNATIONAL STANDARD BOOK NUMBER |
| International Standard Book Number |
0030768470 |
| 035 ## - SYSTEM CONTROL NUMBER |
| System control number |
(OCoLC)28050202 |
| 040 ## - CATALOGING SOURCE |
| Original cataloging agency |
CU-I |
| Transcribing agency |
CU-I |
| Modifying agency |
DLC |
| 041 ## - LANGUAGE CODE |
| Language code of text/sound track or separate title |
eng |
| 042 ## - AUTHENTICATION CODE |
| Authentication code |
lccopycat |
| 080 ## - UNIVERSAL DECIMAL CLASSIFICATION NUMBER |
| Universal Decimal Classification number |
37 AU |
| 082 ## - DEWEY DECIMAL CLASSIFICATION NUMBER |
| Classification number |
37 AU |
| 100 1# - Rafti |
| Rafti |
47 |
| 101 ## - Shkurtesa |
| Shkurtesa |
EDU |
| 245 10 - TITLE STATEMENT |
| Title |
Literacy instruction in multicultural settings / |
| Statement of responsibility, etc |
Kathryn H. Au. |
| 504 ## - BIBLIOGRAPHY, ETC. NOTE |
| Bibliography, etc |
Includes bibliographical references (p. 191-199) and index. |
| 906 ## - LOCAL DATA ELEMENT F, LDF (RLIN) |
| a |
7 |
| b |
cbc |
| c |
copycat |
| d |
2 |
| e |
opcn |
| f |
19 |
| g |
y-gencatlg |
| 942 ## - ADDED ENTRY ELEMENTS (KOHA) |
| Source of classification or shelving scheme |
|
| Item type |
Books |